000 00812nam a2200229 4500
001 178762
003 ES-MaACL
005 20250911062851.0
008 110617s2009 sp |||| | spa d
020 _a978-84-9895-728-0
080 _a821.111(73)-14"19"
100 1 _aBukowski, Charles.
_932490
245 1 3 _aLa gente parece flores al fin
_b: nuevos poemas /
_cCharles Bukowski ; traducción y prólogo, Eduardo Iriarte.
260 _aMadrid :
_bVisor Libros,
_c[2009]
300 _a343 p. ;
_c20 cm.
490 1 _aColección Visor de poesía ;
_v728
700 1 _aIriarte, Eduardo.
_965436
830 0 _aColección Visor de poesía
_v728
_9177331
852 _aES-MaACL
_jA-11288
_9185623
_bR.145601
_cDEPO1
_dOlim: N-4292
942 _2udc
_cMONOGRAFIA
999 _c178762
_d178762